Új cukrászda, Kép
Elmentve itt :
| Szerző: | |
|---|---|
| Dokumentumtípus: | Cikk |
| Megjelent: |
1985-07-19
|
| Sorozat: | Délmagyarország
75 No. 168 |
| Kulcsszavak: | vendéglátóipar |
| Online Access: | http://dmarchiv.bibl.u-szeged.hu/109334 |
| LEADER | 00444nab a2200157 i 4500 | ||
|---|---|---|---|
| 001 | delm109334 | ||
| 005 | 20190909105906.0 | ||
| 008 | 190909s1985 hu o 0|| hun d | ||
| 040 | |a SZTE Délmagyarország Archívum |b hun | ||
| 041 | |a hun | ||
| 100 | 1 | |a Schmidt Andrea | |
| 245 | 1 | 0 | |a Új cukrászda, Kép |h [elektronikus dokumentum] / |c Schmidt Andrea |
| 260 | |c 1985-07-19 | ||
| 300 | |a 3 | ||
| 490 | 0 | |a Délmagyarország |v 75 No. 168 | |
| 695 | |a vendéglátóipar | ||